<?xml version="1.0" encoding="UTF-8"?>
<collection xmlns="http://www.loc.gov/MARC21/slim">
 <record>
  <leader>00970nam a2200229 a 4500</leader>
  <controlfield tag="003">BD-DhAAL</controlfield>
  <controlfield tag="008">100607s2007    bg            000 0 ben d  </controlfield>
  <datafield tag="020" ind1=" " ind2=" ">
   <subfield code="a">9848560065</subfield>
  </datafield>
  <datafield tag="040" ind1=" " ind2=" ">
   <subfield code="a">DB-DhAAL</subfield>
   <subfield code="c">DB-DhAAL</subfield>
  </datafield>
  <datafield tag="082" ind1="0" ind2="4">
   <subfield code="a">891.44/1</subfield>
   <subfield code="2">22</subfield>
  </datafield>
  <datafield tag="100" ind1="1" ind2=" ">
   <subfield code="a">হায়দার, জগলুল</subfield>
   <subfield code="9">56628</subfield>
  </datafield>
  <datafield tag="245" ind1="1" ind2="0">
   <subfield code="a">অদ্ভুত বদভূত /</subfield>
   <subfield code="c">জগলুল হায়দার</subfield>
  </datafield>
  <datafield tag="260" ind1=" " ind2=" ">
   <subfield code="a">মোহাম্মদপুর, ঢাকা :</subfield>
   <subfield code="b">ওয়ার্ল্ড নিউজ এজেন্সি,</subfield>
   <subfield code="c">২০০৭</subfield>
  </datafield>
  <datafield tag="300" ind1=" " ind2=" ">
   <subfield code="a">৭৯ পৃ. ;</subfield>
   <subfield code="c">২২ সে.মি.</subfield>
  </datafield>
  <datafield tag="541" ind1="1" ind2=" ">
   <subfield code="e">00020054</subfield>
  </datafield>
  <datafield tag="650" ind1=" " ind2="0">
   <subfield code="a">Bengali poetry.</subfield>
  </datafield>
  <datafield tag="650" ind1=" " ind2="0">
   <subfield code="a">Bengali language</subfield>
   <subfield code="x">Rhyme.</subfield>
   <subfield code="9">33106</subfield>
  </datafield>
  <datafield tag="650" ind1=" " ind2="0">
   <subfield code="a">Bengali literature.</subfield>
  </datafield>
  <datafield tag="852" ind1="4" ind2=" ">
   <subfield code="a">Ayesha Abed Library</subfield>
   <subfield code="j">General Shelf.</subfield>
  </datafield>
  <datafield tag="942" ind1=" " ind2=" ">
   <subfield code="2">ddc</subfield>
   <subfield code="c">BK</subfield>
  </datafield>
  <datafield tag="999" ind1=" " ind2=" ">
   <subfield code="c">8993</subfield>
   <subfield code="d">8993</subfield>
  </datafield>
  <datafield tag="952" ind1=" " ind2=" ">
   <subfield code="0">0</subfield>
   <subfield code="1">0</subfield>
   <subfield code="2">ddc</subfield>
   <subfield code="4">0</subfield>
   <subfield code="6">891_440000000000000_1_HAI_2007</subfield>
   <subfield code="7">0</subfield>
   <subfield code="9">11089</subfield>
   <subfield code="a">BRACUL</subfield>
   <subfield code="b">BRACUL</subfield>
   <subfield code="c">GEN</subfield>
   <subfield code="d">2010-06-20</subfield>
   <subfield code="l">4</subfield>
   <subfield code="m">8</subfield>
   <subfield code="o">891.441 HAI</subfield>
   <subfield code="p">3010020054</subfield>
   <subfield code="r">2023-07-04</subfield>
   <subfield code="s">2023-06-25</subfield>
   <subfield code="t">1</subfield>
   <subfield code="w">2010-06-20</subfield>
   <subfield code="y">BK</subfield>
  </datafield>
 </record>
</collection>
